| 000 | 005740000a22001930004500 | ||
|---|---|---|---|
| 003 | LK-CoMWRAF | ||
| 005 | 20231213161832.0 | ||
| 008 | 230817t1999 ||||| |||| 00| 0 eng d | ||
| 020 | _a0814470211 | ||
| 040 |
_aLK-CoMWRAF _dLK-CoMWRAF _eLK-CoMWRAF |
||
| 041 | _aeng | ||
| 082 |
_a650.14 _bROG |
||
| 100 | _aRogers, Jenny | ||
| 245 |
_aEffective interviews: _bthe essential guide to thinking and working smarter |
||
| 260 |
_aNew York: _bAmerican Management Association, _c1998 |
||
| 300 |
_a95 p. ; 24 cm _bIndex included |
||
| 650 | _aEmployment interviewing | ||
| 942 | _cBK | ||
| 999 |
_c449 _d449 |
||